Dzikie flagi #1 - Statystyki

Ogólne statystyki
  • Ten quiz został rozwiązany 454 razy
  • Średni wynik to 4 z 16
Statystyki odpowiedzi
Obrazkowy Odpowiedź % Poprawnych
Jugosławia
90%
Korsyka
77%
Krym
41%
Barcelona
30%
Amsterdam
29%
Karolina Południowa
21%
Tennessee
19%
Obwód Kaliningradzki
17%
Rodezja
16%
Harare
10%
Manchukuo
7%
Wyspa Księcia Edwarda
7%
St. Louis
6%
Tbilisi
5%
Święty Dawid
4%
Hampshire
3%
Nie znaleziono quizów pasujących do podanych kryteriów
Rozkład punktacji
Procent ludzi z każdym wynikiem
Percentyl według liczby udzielonych odpowiedzi
Twoja historia wyników
Nie rozwiązałeś tego quizu